Denver Nuggets All-Time Scoring Leaders - Statistics

General Stats
  • This quiz has been taken 53 times
  • The average score is 10 of 20
Answer Stats
Points Player % Correct
13970 Carmelo Anthony
93%
6319 Nikola Jokic
91%
21645 Alex English
89%
16589 Dan Issel
76%
8081 Fat Lever
67%
11992 David Thompson
64%
5923 Ty Lawson
62%
5084 J.R. Smith
56%
6868 Nene
51%
6829 Kiki Vandeweghe
49%
6555 Antonio McDyess
44%
7029 Mahmoud Abdul-Rauf
44%
5745 Larry Jones
42%
5934 Reggie Williams
42%
5201 LaPhonso Ellis
29%
8603 Byron Beck
24%
5534 Michael Adams
24%
10130 Ralph Simpson
18%
5354 Andre Miller
16%
6181 Dave Robisch
2%
No matching quizzes found
Score Distribution
Percent of People with Each Score
Percentile by Number Answered
Your Score History
You have not taken this quiz